000 nam a22 a 4500
999 _c746
_d746
003 AKMAL
005 20170505091518.0
008 160506s2015 my e o000 0 may d
020 _a9789830425528
_qpaperback
040 _aAKMAL
082 0 4 _a297.07 SHE
090 _a297.07
_bSHE
100 1 _aSheikh Abdullah Muhammad Basmeih,
_d1913-
_eauthor.
_91609
245 1 0 _aPanduan Mengurus JENAZAH /
_cOleh: Sheikh Abdullah Mohd. Basmeih ; Disemak dan Disahkan oleh: Sahib al-Samashah Tan Sri Datuk Sheikh Abdul Mohsein Haji Salleh
264 1 _aPutrajaya :
_bJabatan Kemajuan Islam Malaysia (JAKIM),
_c2015
300 _ccm
650 1 0 _aFuneral rites and ceremonies, Islamic
_91515
650 2 0 _aDead
_xReligious aspects
_xIslam
_91610
700 0 _aAbdul Mohsein Haji Salleh,
_cDatuk Sheikh
_91611
942 _2ddc
_cBOOK